星光

資料類型: Book 圖書   書目號:51684

Leader xxxxxxxxxx
001 __ 102491/7/01
005 __ 20171120175612.614
010 0_ |a978-986-342-715-5|b平裝|d新臺幣380元
020 __ |atw|b105017402
042 __ |anbic
100 __ |a20171120d2016    km y0chiy50      e
101 0_ |achi
102 __ |atw
105 __ |ay   z   000ay
200 1_ |a星光|f呂秋遠著
205 __ |a初版
210 __ |a臺北市|c三采文化|d2016[民105]
215 0_ |a254面|d21公分
225 12 |aiREAD|v98
681 __ |a857.7|b8597
700 _1 |a|b秋遠|4801 _0 |atw|bLibDipper|c20171120|gCCR
詳細館藏(共 1 筆)
索 書 號登 錄 號冊次號館別 / 館藏地流通類型狀態加入預約清單電子資源
857.7 / 8597 1024917  圖書館 / 一樓普通區 可外借30天 在館   

| 條列資料




目錄查詢 分類查詢 個人資料 圖書薦購 新書查詢 閉館日 排行榜 更多電子資源 Hami書城 線上資料庫 登出

From : 216.73.217.87

  本日流通累計至 15:18:12 借閱 : 13 次 續借 : 0 次 歸還 : 10 次 預約 : 0 次 電子資源 : 0 次


內湖高中圖書館  PCLIS 版本  26.5.0.12